MARC

LEADER 00000nab a2200000 a 4500
001 vtls000047194
003 SK-MaSNL
005 20260303175648.0
008 150430c1979 xo 0 slo
015 |a SNBRB19rr/mm-uuuuu 
035 |a CL0057290 
040 |a SNKBUCL  |b slo  |c SNKBUCL  |e AACR2 
041 0 |a slo 
044 |a xo  |c SK 
080 |a 882-3(087.5)  |2 1981 
100 1 |a Popov, Alexander  |4 aut  |9 1204505 
245 1 0 |a Múdry pes  |c Alexander Popov 
500 |a Príloha časopisu Východoslovenské noviny č. 247, 1979. 
650 0 7 |a rozprávky autorské  |2 snkbucl  |9 315429 
650 0 7 |a literatúra pre deti a mládež  |2 snkbucl  |9 21893 
650 0 7 |a sovietska literatúra  |2 snkbucl  |9 22300 
655 7 |a články z novín a časopisov  |2 snkbucl  |9 267496 
655 7 |a články z odboru literárna veda a krásna literatúra  |2 snkbucl  |9 770045 
773 0 |t Príloha VN  |g Č. 42 (19. 10. 1979), s. 7 
850 |a Slovenská národná knižnica v Martine  |a MTA001 
852 |a SNK  |b KIS3GCP 
958 |a RK 
958 |a LX 
958 |a SK 
992 |a RBX 
999 |c 2102839  |d 2104769